000 00800cab a2200253 4500
001 WB2829-19
008 090401t1992 xxu||||| |||| 00| 0 eng d
035 _a(Sirsi) u63656
041 _aeng
245 _aEnterprise zones in the recession
260 _c1992
350 _a0
490 _aFinancial Times
_v18 July 1992, IV(1)
520 _aInvestors should be wary of investing in enterprise zones, with the collapse of Greig Middleton EZT2 illustrating the vulnerability of this sector during the recession.
650 _aENTERPRISE ZONE PROPERTY TRUSTS
650 _aENTERPRISE ZONES
650 _aGREIG MIDDLETON
650 _aRECESSION
650 _aSEIFERT
690 _aPROPERTY-COMMERCIAL PROPERTY
690 _aFINANCE AND INVESTMENT
942 _n0
948 _c04/03/1997
999 _c39583
_d39583